000 01732nam0a22003371 4500
001 rc\2643483
005 20220609164655.0
035 _a(NLR Aleph) 006951303
090 _a5250098
_c5250098
100 _a20110607d1928 |||y0rusy50 ca
101 0 _arus
102 _aRU
105 _ac z |||||
200 1 _aГоре от ума
_fА.С. Грибоедов
_gРедакция, введение и комментарии Н.К. Пиксанова
205 _a2-е изд.
210 _aМосква
_aЛенинград
_cГосуд. изд-во
_d1928
_eМосква
_gтип. "Красный пролетарий"
215 _a196 с., [1] вкл. л. портр.
_cпортр.
_d21×14 см
225 1 _aРусские и мировые классики
_fПод общ. ред. А.В. Луначарского и Н.К. Пиксанова
300 _a"Театральная справка" (на 3 страницах)
320 _aБибилиография: "Книжная справка" (на 2 страницах)
464 0 _12001#$aГрибоедов и "Горе от ума"
_1700#1$aПиксанов$bН. К.$gНиколай Кирьякович$f1878-1969$3RU\NLR\AUTH\7797093$4070
700 1 _aГрибоедов
_bА. С.
_f1795-1829
_gАлександр Сергеевич
_3RU\NLR\AUTH\773285
702 1 _aПиксанов
_bН. К.
_f1878-1969
_gНиколай Кирьякович
_3RU\NLR\AUTH\7797093
_4340
702 1 _aЛуначарский
_bА. В.
_f1875-1933
_gАнатолий Васильевич
_3RU\NLR\AUTH\7717504
_4340
801 0 _aRU
_bNLR
_gpsbo
801 1 _aRU
_bELAR
_2rusmarc
852 _aNLR
_j57/395
852 _aNLR
_jКрII/4849
942 _cBOOK
980 _aNB